|
|
|
|
| LEADER |
00000nam0a2200000 4500 |
| 001 |
262405 |
| 005 |
20231101233641.0 |
| 010 |
|
|
|a 5110012733
|
| 020 |
|
|
|a RU
|b 88-41238
|
| 035 |
|
|
|a (RuTPU)RU\TPU\book\285388
|
| 090 |
|
|
|a 262405
|
| 100 |
|
|
|a 20140531d1988 k a0rusy5003 ca
|
| 101 |
0 |
|
|a rus
|
| 102 |
|
|
|a UA
|
| 105 |
|
|
|a a z 001zy
|
| 200 |
1 |
|
|a Технология вторичных цветных металлов и сплавов
|f А. А. Баранов, О. П. Микуляк, А. А. Резняков
|
| 210 |
|
|
|a Киев
|c Выща школа
|d 1988
|
| 215 |
|
|
|a 161 с.
|c ил.
|
| 320 |
|
|
|a Библиогр.: с. 158-162 (99 назв.)
|
| 606 |
1 |
|
|a Цветная металлургия
|2 stltpush
|3 (RuTPU)RU\TPU\subj\17765
|9 43323
|
| 610 |
1 |
|
|a цветные металлы
|
| 610 |
1 |
|
|a технология
|
| 610 |
1 |
|
|a сплавы
|
| 610 |
1 |
|
|a плавка
|
| 610 |
1 |
|
|a оборудование
|
| 675 |
|
|
|a 669.2.004.8
|z rus
|
| 700 |
|
1 |
|a Баранов
|b А. А.
|g Александр Александрович
|4 070
|
| 701 |
|
1 |
|a Микуляк
|b О. П.
|g Орест Павлович
|
| 701 |
|
1 |
|a Резняков
|b А. А.
|g Александр Александрович
|
| 801 |
|
0 |
|a RU
|b RuMRKP
|c 19950417
|g psbo
|
| 801 |
|
1 |
|a RU
|b 63413507
|c 20140531
|
| 801 |
|
2 |
|a RU
|b 63413507
|c 20150228
|g RCR
|
| 942 |
|
|
|c BK
|